00501nam a22001577a 450000500170000001000140001703500130003103700130004408200160005710000180007324500890009126000640018027000730024430000230031770000030034020100728121523.0 aENG-96958 aEN-80491 bDBAD/PUB a303.4820954 aVenugopal, P. aThe five-pronged battle of Periyar : cby P. Venugopalbfor an Egalitarian society / aChennai bPeriyar Self-Respect Propaganda Institutionc2005 aPeriyar Thidal, 50, E. V. K. Sampath Salai, Vepery,bChennaie600007 a224 p. c24cm (Hb)